000 00338nam a22001217a 4500
020 _a0750656980
082 _222
_a651.74
100 _aSeeley, Monica and Hargseaves, Gerard.
245 _aManaging in the email office /
260 _aBoston,
_bButterworth Heinemann,
_cc2003.
300 _axxxii, 830p. ;
_bill. ;
_c23 cm.
942 _2ddc
_cMAG
999 _c1976
_d1976